000 01683nkc a22002417a 4500
001 85861
005 20260430102949.0
007 kh bo
008 260430s1890 sp ||||| |||| |0| i|spa d
040 _aM-RABA
_bspa
_cM-RABA
245 0 1 _a[Iglesia parroquial de Santa María de Valtierra
_b: vistas del Retablo Mayor]
_h[Material gráfico]
260 _c[ca. 1890]
300 _a3 fotografías
_b: aristotipo
_c, imagen 24 x 18 cm (medidas máximas)
_c, imagen 18 x 12 cm (medidas mínimas)
500 0 0 _aConjunto de tres fotografías del Retablo Mayor de la Iglesia parroquial de Santa María de Valtierra, en Navarra. La Fot-826 corresponde a una vista general del retablo, y las Fot-824 y Fot-825 a dos vistas de detalle de alguna de sus escutluras.
500 0 0 _aNota manuscrita a lápiz al verso de las imágenes: Fot-824: "Detalle retablo Valteirra (Navarra)". Fot-825: "Detalle retablo de Valtierra (Navarra). (..) marqués de Sra Clara; ampliado por Ricardo Orueta". Fot-826: "Retablo mayor de la parroquia de Valtierra (Navarra).
651 7 _aNavarra (España)
_975271
655 0 _aFotografías de monumentos
_9111580
852 _jFot-824; Fot-825; Fot-826
856 _uhttps://archivoybiblioteca.realacademiabellasartessanfernando.com/cgi-bin/koha/opac-retrieve-file.pl?id=d6ff040d84e0e142720c9536017fac08
_yFot-824
856 _uhttps://archivoybiblioteca.realacademiabellasartessanfernando.com/cgi-bin/koha/opac-retrieve-file.pl?id=5942ded680881347b2c3c4678cf4332e
_yFot-825
856 _uhttps://archivoybiblioteca.realacademiabellasartessanfernando.com/cgi-bin/koha/opac-retrieve-file.pl?id=6ddf204fd9d00145eecbaaa08653af86
_yFot-826
942 _cFOTOGRAFÍA
_n0
999 _c85861
_d85861